Catalog

Record Details

Catalog Search



Duck Dynasty : I'm dreaming of a redneck Christmas  Cover Image DVD DVD

Duck Dynasty : I'm dreaming of a redneck Christmas / produced by Gurney Productions for A&E Network.

Gurney Productions Inc. (production company.). Arts and Entertainment Network, (broadcaster.). Lions Gate Films, (film distributor.).

Summary:

Louisiana's bearded, camouflaged millionaires gather to celebrate as only they can. Some of the men don their holiday sweaters, while Phil trims the tree with a chainsaw. Willie plays Santa Claus at the local church, only to have Uncle Si crash the party dressed as an elf. But when the Christmas lights are finally up and dinner's on the table, everyone's happy, happy, happy.

Record details

  • Physical Description: 1 videodisc (approximately 43 min.) : sound, color ; 4 3/4 in.
  • Publisher: [New York] : A&E Networks, [2013?]
  • Distributor: Santa Monica, CA : Lionsgate

Content descriptions

General Note:
Title from container.
Target Audience Note:
Rating: TVPG.
System Details Note:
DVD, widescreen (1.78:1); 2.0 Dolby Digital.
Language Note:
English dialogue; Spanish subtitles; English subtitled for the deaf and hard of hearing.
Subject: Christmas > Louisiana.
Duck decoys.
Genre: Reality television programs.
Christmas television programs.
Video recordings for the hearing impaired.

LDR 02166ngm a2200457Ii 4500
001136112
003CONS
00520140703073309.0
007vd cvaizs
008131014s2013 nyu043 g vleng d
0241 . ‡a031398179139 ‡d80
035 . ‡a(CPomAG)LMN562774
037 . ‡bMidwest Tape ‡nhttp://www.midwesttapes.com
050 4. ‡aPN1992.77 ‡b.D83 2013
08204. ‡a791.45/75 ‡223
24500. ‡aDuck Dynasty : ‡bI'm dreaming of a redneck Christmas / ‡cproduced by Gurney Productions for A&E Network.
24630. ‡aI'm dreaming of a redneck Christmas
264 1. ‡a[New York] : ‡bA&E Networks, ‡c[2013?]
264 2. ‡aSanta Monica, CA : ‡bLionsgate
300 . ‡a1 videodisc (approximately 43 min.) : ‡bsound, color ; ‡c4 3/4 in.
336 . ‡atwo-dimensional moving image ‡btdi ‡2rdacontent
337 . ‡avideo ‡bv ‡2rdamedia
338 . ‡avideodisc ‡bvd ‡2rdacarrier
344 . ‡adigital ‡boptical ‡estereo ‡h2.0 Dolby Digital ‡2rda
347 . ‡avideo file ‡bDVD video ‡2rda
500 . ‡aTitle from container.
520 . ‡aLouisiana's bearded, camouflaged millionaires gather to celebrate as only they can. Some of the men don their holiday sweaters, while Phil trims the tree with a chainsaw. Willie plays Santa Claus at the local church, only to have Uncle Si crash the party dressed as an elf. But when the Christmas lights are finally up and dinner's on the table, everyone's happy, happy, happy.
5218 . ‡aRating: TVPG.
538 . ‡aDVD, widescreen (1.78:1); 2.0 Dolby Digital.
546 . ‡aEnglish dialogue; Spanish subtitles; English subtitled for the deaf and hard of hearing.
650 0. ‡aChristmas ‡zLouisiana.
650 0. ‡aDuck decoys.
655 7. ‡aReality television programs. ‡2lcgft
655 7. ‡aChristmas television programs. ‡2lcgft
655 7. ‡aVideo recordings for the hearing impaired. ‡2lcgft
7102 . ‡aGurney Productions Inc. ‡eproduction company.
7102 . ‡aArts and Entertainment Network, ‡ebroadcaster.
7102 . ‡aLions Gate Films, ‡efilm distributor.
914 . ‡aSCP_jd
959 . ‡i32269000924228 ‡lDVD Duc ‡aAdult - DVD ‡tDVD ‡g20.00
852 . ‡p32269000924228 ‡jDVD Duc ‡gAdult - DVD ‡cDVD ‡y20.00 ‡bSBPL
901 . ‡a136112 ‡bUnknown ‡c136112 ‡tbiblio

Additional Resources